000 00563nam a2200217Ia 4500
003 OSt
005 20221006144627.0
006 a|||||r|||| 00| 0
007 ta
008 221006b |||||||| |||| 00| 0 eng d
024 _a12,186
037 _cTextual
040 _aEASL
_cEASL
_beng
041 _2eng
_aeng
082 _aV41.N0, K7
245 0 _aBoxer rising
_b History of the boxer trouble in China
260 _aNew York
_bParagon Book
_c1967
300 _a118p.
_ccm.
942 _hV41.N0, K7
_cTEXL
_2CC
999 _c1080272
_d1080272